000 00481nam a2200181Ia 4500
005 20250326124702.0
008 250326s9999 xx 000 0 und d
037 _aTextbook
040 _aFMSL
_beng
_cFMSL
041 _aeng
_2eng
084 _aX:87 L8
_qFMSL
100 _aMaude B
_9737790
245 0 _aLeadership in management
_cMaude B
260 _aEuropa
_bEuropa, Business Books
_c1978
300 _a240p
942 _cTB
_hX:87 L8
999 _c1274742
_d1274742